Catàleg del Col·legi de Periodistes de Catalunya

Boletín del Montepío de Empleados y Corresponsales Administrativos de la Prensa de España (Registre núm. 362)

000 -CABECERA
Longitud fija campo de control 00603nas a2200157 a 4500
001 - NÚMERO DE CONTROL
Número de control 362
003 - IDENTIFICADOR DEL NÚMERO DE CONTROL
Identificador del número de control CDMR
005 - FECHA Y HORA DE LA ÚLTIMA TRANSACCIÓN
Fecha y hora de la última transacción 20131017111222.0
008 - CÓDIGOS DE INFORMACIÓN DE LONGITUD FIJA
Códigos de información de longitud fija 130130d1925|||||||a||||||||||||||||spa|d
040 ## - FUENTE DE LA CATALOGACIÓN
Centro catalogador de origen CDMR
Lengua de catalogación cat
Centro transcriptor CDMR
110 2# - PUNTO DE ACCESO PRINCIPAL-NOMBRE DE ENTIDAD CORPORATIVA
Nombre de entidad corporativa o nombre de jurisdicción como elemento inicial Montepio de Empleados y Corresponsables Administrativos de la Prensa de España
9 (RLIN) 247
245 10 - MENCIÓN DE TÍTULO
Título Boletín del Montepío de Empleados y Corresponsales Administrativos de la Prensa de España
260 ## - PUBLICACIÓN, DISTRIBUCIÓN, ETC. (PIE DE IMPRENTA)
Lugar de publicación, distribución, etc. Madrid
Fecha de publicación, distribución, etc. 1925-
Nombre del editor, distribuidor, etc. Montepío de Empleados y Corresponsales Administrativos de la Prensa de España
650 04 - PUNTO DE ACCESO ADICIONAL DE MATERIA - TÉRMINO DE MATERIA
9 (RLIN) 3896
Término de materia o nombre geográfico como elemento inicial Associacions professionals
Subdivisión de forma Revistes
942 ## - ENTRADA DE ELEMENTOS AGREGADOS (KOHA)
Koha [por defecto] tipo de item Publicacions periòdiques
Fuente de clasificaión o esquema
Fons
Suprimido Perdido Estropeado No para préstamo Localización permanente Localización actual Fecha adquisición Serie de enumeración / cronología Préstamos totales Signatura completa Código de barras Fecha última consulta Fecha del precio de reemplazo Tipo de item de Koha
        Centre de Documentació Montserrat Roig Centre de Documentació Montserrat Roig 2013-01-16 julio 1926   Dt 15/40 CDMR13108368 2013-01-16 2013-01-16 Reserva / Històric
        Centre de Documentació Montserrat Roig Centre de Documentació Montserrat Roig 2013-01-16 julio 1928   Dt 15/41 CDMR13108369 2013-01-16 2013-01-16 Reserva / Històric

Implantat amb Koha